[Event "Poikovsky Karpov 10th"]
[Site "Poikovsky"]
[Date "2009.06.03"]
[Round "1"]
[White "Inarkiev, Ernesto"]
[Black "Shirov, Alexei"]
[Result "1-0"]
[WhiteElo "2675"]
[BlackElo "2755"]
[Annotator "Inarkiev,E"]
[PlyCount "65"]
[EventDate "2009.06.03"]
[EventType "tourn"]
[EventRounds "9"]
[EventCountry "RUS"]
[EventCategory "18"]
[SourceTitle "CBM 131"]
[Source "ChessBase"]
[SourceDate "2009.07.15"]
[SourceVersion "1"]
[SourceVersionDate "2009.07.15"]
[SourceQuality "1"]

{This game is from the first round of the Poikovsky tournament. Shirov came
here after his impressive win in Sofia, and at that moment no one could
imagine that he would have such a difficult start. For me, this was the first
game after more than 1 month break, and I wanted to feel my way into the
tournament, and just to play normal chess.  Diese Partie stammt aus der ersten
Runde Poikovsky-Turniers. Shirov kam hierher nach seinem beeindruckenden Sieg
in Sofia, und zu jenem Zeitpunkt konnt noch niemand ahnen, dass er so eine
schweren Start haben würde. Für mich war dies die erste Partie nach über
einmonatiger Pause, und ich wollte mich vorsichtig ins Turnier tasten und
einfach normales Schach spielen.} 1. e4 e5 2. Nf3 Nc6 3. Bb5 a6 4. Ba4 Nf6 5.
O-O b5 6. Bb3 Bc5 {The Neo-Arhangelsk variation of the Ruy Lopez is
time-tested weapon in Shirov's repertoire.  Die Neo-Archangelsk-Variante im
Spanier ist die von der Zeit geprüfte Waffe in Shirovs Repertoire.} 7. c3 d6 8.
a4 Rb8 9. d4 Bb6 10. Na3 Bg4 {A possible move order, leading to the main line.
Eine mögliche Zugfolge, die zum Hauptabspiel führt.} ({The more usual way is
Üblicher ist} 10... O-O 11. axb5 axb5 12. Nxb5 Bg4) 11. axb5 axb5 12. Nxb5 O-O
13. Bc2 {The main move. Der Hauptzug.} Bxf3 14. gxf3 Nh5 15. f4 Nxf4 16. Bxf4
exf4 17. Qg4 Qf6 {Alexei has already played this position 3 times. At first
view, the position looks just better for White, he controls the centre, and
his bishop seems easier to activate than Black's. Of course things are not so
simple, the white king is quite open, and Black has serious possibilities to
attack his opponen's centre.  Diese Stellung hat Alexei bereits dreimal
gespielt. Auf den ersten Blick wirkt die Stellung einfach besser für Weiß; er
kontrolliert das Zentrum und sein Läufer scheint leichter zu aktivieren als
der von Schwarz. Ganz so einfach liegen die Dinge natürlich nicht: Der weiße
König steht recht offen, und Schwarz hat gute Möglichkeiten das gegnerische
Zentrum zu attackieren.} 18. b4 g6 $5 $146 {In the previous game, Black
transferred the knight to g6. In der Vorgängerpartie überführte Schwarz den
Springer nach g6.} (18... Ne7 19. Na3 Ng6 {Leko Peter (HUN) 2755 - Shirov
Alexei (ESP) 2739, Moscow (Russia) 2007.11.10}) 19. Kh1 {The threat 19...h5
should not be ignored, since after 20.Qf3? the move 20...Qg5+ wins the b5
knight. Die Drohung 19...h5 ist nicht ohne weiteres ignorieren, denn falls
dann 20.Qf3?, so 20...Qg5+ mit Gewinn des Springers b5.} Nd8 {When the pawn is
on g6, this route for the knight is very natural, also Black prepares the
attack on White's centre. Mit dem Bauern auf g6 ist diese Route für den
Springer sehr natürlich; zudem bereitet Schwarz den Angriff auf das weiße
Zentrum vor.} 20. Bb3 {After this move, Black already has good play, so White
must search for an opening advantage somewhere earlier. Nach diesem Zug hat
Schwarz bereits gutes Spiel, daher muss Weiß irgendwo vorher nach
Eröffnungsvorteil suchen.} c6 $1 {Black starts to light the fire on the board.
Schwarz beginnt, das Brett in Flammen zu setzen.} ({Alternativ gibt es auch
das interessante, aber weniger aggressive Alternatively, there is also the
interesting, but less aggressive} 20... c5 $5 21. bxc5 ({Normally, White would
like to play Normalerweise würde Weiß hier gern} 21. e5 {here, but because of
19.Kh1, Black has spielen, aber wegen 19.Kh1 hat Schwarz} dxe5 22. dxc5 Qc6+ $1
$15) 21... dxc5 {and here after , und hier schützt Weiß mit} 22. Rfd1 $1 {
White protects the centre, and doesn't have any problems. das Zentrum und hat
keinerlei Probleme..}) 21. Na3 c5 {Of course, this is the point of the
previous move. Black plays ...c5 in a situation when White's knight is out of
play. Dies ist natürlich die Pointe des vorigen Zuges. Schwarz spielt ...c5 in
einer Situation, wo der weiße Springer außer Spiel ist.} 22. Nc4 $1 {The only
way to keep the pressure in the position. At the cost of a pawn, White wants
to keep Black's bishop closed in and activate his own pieces. Der einzige Weg,
den Druck in der Stellung aufrechtzuerhalten. Auf Kosten eines Bauern will
Weiß den schwarzen Läufer weiter eingesperrt lassen und seine eigenen Figuren
aktivieren.} ({Probably, with accurate play White can equalize after Mit
genauem Spiel ausgleichen kann Weiß wahrscheinlich nach} 22. bxc5 $6 dxc5 23.
e5 Qe7 24. Nb5 cxd4 25. cxd4 {but Black is in a comfortable situation here,
and can play without any risk. For example: , aber hier ist Schwarz in einer
angenehmen Lage und kann ohne jedes Risiko spielen. Zum Beispiel:} Bc5 $5 ({
Less clear is Weniger klar ist} 25... Ne6 26. Bxe6 fxe6 27. Rfd1 $13) ({
An interesting alternative is Eine interessante Alternative ist} 25... Nc6 $5
26. Qxf4 Nxd4 27. Nxd4 Bxd4 28. Qxd4 Rxb3 $15 {There's not too much material
left, but obviously Black has the initiative. Es ist nicht mehr allzu viel
Material übrig, aber offensichtlich hat Schwarz die Initiative.}) 26. Ba4 Rxb5
$1 27. Bxb5 Bxd4 28. Rad1 Qxe5 $15 {Objectively the position is not bad, but
White has to defend. Objektiv gesehen ist die Stellung nicht schlecht, aber
Weiß muss verteidigen.}) 22... cxb4 $1 {Continuing to fan the flame. Fächert
die Flammen weiter an.} ({Another possibility is Eine andere Möglichkeit} 22...
cxd4 {which leads to the endgame, more or less forced. was mehr oder weniger
forciert zu einem Endspiel führt.} 23. Ra6 $1 Bc7 ({After Nach} 23... d5 $6 24.
exd5 dxc3 25. Qf3 $14 {I would prefer White. würde ich Weiß bevorzugen.}) 24.
e5 Qe6 $1 25. Qxe6 Nxe6 26. exd6 Bd8 {and White can win the exchange, but
hardly the game: und Weiß kann die Qualität gewinnen, aber kaum die Partie:}
27. Ne5 dxc3 28. Nd7 Rxb4 29. Bxe6 fxe6 30. Nxf8 Kxf8 $11) 23. Ra6 $1 {This is
the point. Black has almost destroyed the opponent's centre, but White starts
a counterattack just in time. Das ist Pointe. Schwarz hat das gegnerische
Zentrum fast zerschlagen, aber Weiß beginnt gerade rechtzeitig einen
Gegenangriff.} Bc7 $6 {This could be a bad mistake, but in a critical line, we
both overlooked a crushing resource for White. Dies könnte ein schlimmer
Fehler sein, aber wir übersahen in einem kritischen Abspiel beide eine
durchschlagende Ressource für Weiß.} ({The right move is Der richtige Zug ist} 
23... d5 $1 24. Ne5 ({The alternative is more complicated: Die Alternative ist
komplizierter:} 24. exd5 $5 bxc3 25. Rd1 Re8 26. Qf3 $13) 24... bxc3 $1 ({
Of course not Natürlich nicht} 24... dxe4 $2 25. Nd7 Qd6 26. c4 $1 $16) 25.
Bxd5 $44 {White's pieces are very active. Die weißen Figuren stehen sehr aktiv.
} Ne6 $1 26. Nc6 $1 Bxd4 $5 ({or oder} 26... Nxd4 27. e5 $1 Qg7 28. Nxb8 Rxb8
$13) 27. Nxb8 Rxb8 28. Bxe6 fxe6 29. Rxe6 Qf7 $13 {The weakness of the White's
king and the pawn on c3 are enough compensation for the exchange. Die Schwäche
des weißen Königs und der Bauer auf c3 bedeuten genug Kompensation für die
Qualität.}) 24. Nxd6 $6 ({Everybody would like to play Jeder würde hier gern} 
24. e5 $1 {here, but it is very important to know what to do after spielen,
dabei muss man aber wissen, was nach} Qe6 25. Qxe6 Nxe6 26. exd6 bxc3 {zu tun
ist.} ({If Falls} 26... Bd8 {then , so} 27. Ne5 $1 bxc3 28. Bxe6 fxe6 29. Nd7
$16) {Now White has a beautiful move: Nun hat Weiß einen wunderschönen Zug:}
27. d5 $1 {and Black can't avoid material losses. und Schwarz kann
Materialverluste nicht vermeiden.} Bxd6 ({Or Oder} 27... Rxb3 28. dxe6 Bxd6 29.
Nxd6 $1 fxe6 30. Rc6 $16) 28. dxe6 Bc5 29. Rc6 $16) 24... bxc3 $6 {Black must
be accurate. Schwarz muss genau spielen.} ({Safer is Sicherer ist} 24... Bxd6
25. e5 Qf5 ({or oder} 25... Qg7 $5 26. Rxd6 bxc3 27. Bd5 $44 Ne6 $11) 26. Qxf5
gxf5 27. Rg1+ Kh8 28. Rxd6 bxc3 29. Bc2 Ne6 30. Bxf5 $11 {A draw is a very
likely result here. Ein Remis ist hier ein sehr wahrscheinliches Resultat.})
25. e5 Qg7 26. Nf5 $1 {White shouldn't lose a tempo of the initiative. This is
a nice sacrifice, not often in a practical game we can see that a queen is
trapped because of too close "care" of her own pawns. Weiß sollte kein Tempo
der Initiative verlieren. Dies ist ein schönes Opfer; in einer praktischen
Partie bekommen wir nicht oft zu sehen, dass eine Dame gefangen wird wegen zu
enger "Obhut" der eigenen Bauern.} gxf5 ({Of course not Natürlich nicht} 26...
Qh8 $4 27. Rxg6+ $18) 27. Qd1 $1 {This is the point of the sacrifice. Now
Black can't save the queen. Das ist die Pointe des Opfers. Nun kann Schwarz
die Dame nicht retten.} ({Black would have an easier task after Die schwarze
Aufgabe erleichtert hätte} 27. Qxf5 Kh8 28. Rg1 Qxg1+ 29. Kxg1 Rg8+ 30. Kf1
Rxb3 {and White has a draw in different ways, but not more. und Weiß hat auf
verschiedene Wege remis, aber nicht mehr.} 31. Ra7 $5 Ne6 32. Qf6+ Rg7 33. Rxc7
Nxc7 34. Qd8+ Rg8 35. Qf6+ $11) 27... Kh8 ({More accurate is Genauer ist} 27...
Bxe5 $1 28. dxe5 ({if falls} 28. Rg1 {then , so} Qxg1+ 29. Kxg1 Bg7 $13 30. Kg2
Rb4) 28... Qxe5 29. Rg1+ Kh8 {and we have reached the position from the game.
und wir haben die Stellung aus der Partie erreicht.}) 28. Rg1 Bxe5 $1 {This is
necessary. Unumgänglich.} 29. dxe5 {Choosing the attack instead of the queen.
Wählt den Angriff statt der Dame.} ({The alternative is Die Alternative ist} 
29. Rxg7 $5 Bxg7 30. d5 $1 {(x Nd8). With correct play from both sides, the
position is just unclear. Bei beiderseits korrektem Spiel ist die Stellung
einfach unklar.} f3 $1 31. Ra3 $1 Nb7 $5 32. Qxf3 Nd6 33. Bc2 Rg8 $13 {Of
course, White can always sacrifice the rook on c3 to make a draw, but without
this, the pawn on c3 is very annoying. Natürlich kann Weiß immer den Turm auf
c3 opfern, um Remis zu machen, ohne diese Möglichkeit aber ist dieser Bauer
sehr lästig.}) 29... Qxe5 30. Rh6 $1 {Threatening Rxh7+ and Qh5. Droht Rxh7+
und Qh5.} f3 $2 {This mistake is hard to explain; with about 30 minutes on the
clock, Black quickly made the decisive mistake. All you need to see is just
White's next move. Dieser Fehler ist schwer zu erklären; mit noch etwa 30
Minuten auf der Uhr machte Schwarz schnell den entscheidenden Fehler. Man muss
lediglich den nächsten weißen Zug sehen.} ({The way for the draw was not very
difficult, but the only one: Der Weg zum Remis war nicht allzu schwer, aber
auch der einzige:} 30... Qe4+ $1 31. f3 Qe3 $1 32. Qf1 ({Unfortunately not
possible is Leider nicht möglich ist} 32. Qd5 $2 {with the threat Rxh7+ and
Qxf5+. Black has only one move - mit der Drohung Rxh7+ und Qxf5+. Schwarz hat
nur einen Zug, nämlich} Rg8 $1 {but it wins since after , aber der gewinnt,
denn nach} 33. Rxh7+ Kxh7 34. Qxf5+ {he now has hat er jetzt} Rg6 $1 $19) 32...
Rb6 $1 33. Qh3 Rxh6 34. Qxh6 Qxf3+ 35. Rg2 Qf1+ 36. Rg1 Qf3+ $11) 31. Qf1 $18 {
Now it's over - it's impossible to stop Rxh7+ in any normal way. Nun ist es
vorbei - Rxh7+ ist mit normalen Mitteln nicht aufzuhalten.} Qg7 ({If Falls} 
31... Qf4 {then , so} 32. Qh3) 32. Rxg7 Kxg7 33. Rxh7+ $1 {The final detail.
Das letzte Detail.} (33. Rxh7+ $1 Kxh7 34. Qh3+ Kg7 35. Qg3+ {winning the rook.
mit Turmgewinn.}) 1-0

[Event "EU-ch 10th"]
[Site "Budva"]
[Date "2009.03.17"]
[Round "11"]
[White "Jobava, Baadur"]
[Black "Georgiev, Kiril"]
[Result "1-0"]
[WhiteElo "2669"]
[BlackElo "2634"]
[Annotator "Jobava,B"]
[PlyCount "79"]
[EventDate "2009.03.06"]
[EventType "swiss"]
[EventRounds "11"]
[EventCountry "MNE"]
[SourceTitle "CBM 130"]
[Source "ChessBase"]
[SourceDate "2009.05.20"]
[SourceVersion "1"]
[SourceVersionDate "2009.05.20"]
[SourceQuality "1"]

{This game was played in the last round of the 10th European individual chess
championship, and after winning it I managed to participate in the tie-break
matches for the medals, in which I took 3rd place. The bronze medal in a
European Championship is something I can call the best achievement in my
career.} 1. e4 e5 2. Nf3 Nc6 3. Bb5 a6 {I was more expecting the Berlin
Defence.} 4. Ba4 Nf6 5. O-O Bc5 6. c3 b5 7. Bb3 d6 8. d4 Bb6 9. Be3 O-O {
I think, that my opponent's choice of an opening was wrong, because I had good
experience in this line and I didn't spend time for thinking.} (9... Bg4 10.
Qd3 $6 {Jobava-Adams, 2007} (10. Nbd2 $1)) 10. Nbd2 Bg4 $6 {Better was to
switch to one of the main lines:} (10... h6) (10... Bb7) 11. h3 Bh5 12. Bg5 $1
{I had already played this position 3 times, so I knew all about it in detail,
and it was very easy for me to make decisions.} Rb8 (12... exd4 13. Bd5 dxc3
14. Bxc6 cxd2 15. Bxa8 Qxa8 16. Bxf6 gxf6 17. Qxd2 Qxe4 18. Rfe1 Qf5 19. Nh4
Qg5 20. Qxg5+ fxg5 21. Nf5 {is a very unpleasant endgame for Black with only
two possible results.}) (12... Na5 13. g4 Nxb3 14. axb3 Bg6 15. dxe5 dxe5 16.
Nxe5 Qd6 17. Bf4 (17. Nxg6 $2 Qg3+) 17... Nxe4 18. Nxe4 Qxd1 19. Rfxd1 Bxe4 20.
Nd7 $14) 13. g4 $1 Bg6 14. d5 $1 {The idea behind the last two moves is to
keep Black under positional pressure.} Na5 (14... Ne7 $6 15. Bxf6 gxf6 16. Nh4
{and with the big pawn on g6 Black has a hard future.}) (14... Na7 {No
comments about this.}) 15. Bc2 {It's important to keep the Spanish bishop in
play.} c6 {The black position is hard to play, so he decides to create some
counterplay, but this makes things even harder for him.} 16. b4 Nc4 17. Nxc4
bxc4 18. dxc6 Rc8 19. Qe2 (19. Nh4 {was also interesting, but I wanted develop
my forces first and then begin active play.}) 19... Rxc6 20. Rad1 Qe7 21. Nh4
h6 22. Nf5 Bxf5 (22... Qe6 $2 23. Ba4 $18) 23. Bxf6 Qxf6 (23... Bxg4 24. Bxe7
Bxe2 25. Bxf8 Bxd1 26. Rxd1 Kxf8 27. Ba4 Rc8 28. Rxd6 {This endgame is lost
for Black.}) 24. exf5 d5 $1 {A normal human reaction: Kiril Georgiev
sacrifices 2 pawns to give the black pieces some oxygen, otherwise after Be4
White has total domination of the board.} 25. Rxd5 e4 26. Qxe4 $1 (26. Qd2 {
is not clear, in view of} Re8 27. Re1 Qh4 28. Kg2 h5 29. Qf4 (29. g5 e3) 29...
hxg4 30. hxg4 Rh6 31. Qg3 Bxf2 $1 32. Qxh4 Rxh4 33. Rxe4 Rxe4 34. Bxe4 Be1 {
and this isn't what I was hoping for.}) 26... Qxc3 27. Kg2 Qxb4 $6 {Black
takes back the material, but wastes time defending his king's flank from pawn
strikes.} (27... Qf6) 28. h4 Qc3 {It is hard to suggest anything better.} 29.
g5 Rc5 30. Rfd1 Rxd5 31. Rxd5 hxg5 32. hxg5 Qb4 {I don't want to give this
move a question mark, because my opponent was in strong time trouble together
with having a bad position} (32... Qb2 $16) 33. f6 (33. g6 {was winning too,
but I calculated a nice combination and it was hard for me to change my mind.})
33... g6 34. Qh4 Rd8 (34... Qe1 35. Rd1 Qe2 36. Rh1 Qh5 37. Qxh5 gxh5 38. Rxh5
$18) 35. Bxg6 $1 fxg6 36. Qh6 Qf8 (36... Kf7 37. Re5 {mate in 3.}) 37. Qxg6+
Kh8 38. Qh5+ Kg8 39. Qg6+ ({It still wasn't too late to do something terrible
after} 39. g6 Qxf6 40. Qh7+ Kf8 41. Rf5 $1 (41. g7+ $4 Qxg7+ {Check!! White is
lost!})) 39... Kh8 40. f7 1-0

[Event "Hoogovens"]
[Site "Wijk aan Zee"]
[Date "1995.01.??"]
[Round "1"]
[White "Adams, Michael"]
[Black "Tkachiev, Vladislav"]
[Result "1/2-1/2"]
[WhiteElo "2640"]
[BlackElo "2535"]
[Annotator "Konikowski,J"]
[PlyCount "62"]
[EventDate "1995.01.??"]
[EventType "k.o."]
[EventRounds "5"]
[EventCountry "NED"]
[SourceTitle "CBM 045"]
[Source "ChessBase"]
[SourceDate "1995.04.01"]
[SourceVersion "1"]
[SourceVersionDate "1995.04.01"]
[SourceQuality "1"]

1. e4 e5 2. Nf3 Nc6 3. Bb5 a6 4. Ba4 Nf6 5. O-O b5 6. Bb3 Bc5 7. Nxe5 Nxe5 8.
d4 Bxd4 9. Qxd4 d6 (9... Nc6 10. Qd3 O-O 11. Bg5 h6 12. Bh4 Ne5 13. Qe2 Ng6 14.
Bg3 Re8 $13) 10. Qd1 (10. f4 $5 Nc6 11. Qd3 O-O $5 $13 (11... Qe7 12. Nc3 O-O
13. Bd2 Bb7 14. Rae1 $16)) 10... O-O 11. Bg5 h6 12. Bxf6 Qxf6 13. Nc3 c6 14.
Ne2 (14. Qd2 $5) 14... a5 15. a4 bxa4 16. Rxa4 Ba6 17. Re1 Bb5 18. Rd4 a4 (
18... Rfd8 $5) 19. Ba2 (19. Rxd6 Qg5 20. f4 Nf3+ 21. Kf2 Bxe2 22. Rxe2 (22.
fxg5 Bxd1 23. gxf3 axb3 24. Rexd1 bxc2 25. Rc1 hxg5 26. Rxc6 f5 27. e5 Rfb8 28.
R1xc2 Ra2 29. Rc8+ Rxc8 30. Rxc8+ Kf7 31. Rc7+ (31. Rb8 Ra5 32. Rb7+ Ke6 33.
Rxg7 Kxe5 34. Rxg5 Rb5 35. Kg3 Rxb2 36. h4 Rb1 $10) 31... Ke6 32. Rxg7 Rxb2+
33. Kg1 Kxe5 34. Rxg5 Kf4 35. Rh5 Ra2 $10) 22... Qxf4 23. gxf3 axb3 $36) 19...
a3 $6 (19... Ng4 $5 20. f3 Ne3 21. Qd2 Nxc2 22. Rxd6 (22. Qxc2 Bxe2 23. Rd2 Bb5
$17) 22... Qxb2 23. Nc3 Qa3 24. Rc1 Nb4 $17) 20. b4 Ng4 21. f3 Ne3 22. Qd2 Nxc2
23. Qxc2 Bxe2 24. Qd2 Bb5 25. Rxd6 Qb2 26. e5 Qxd2 27. Rxd2 Rfd8 28. Red1 Rxd2
29. Rxd2 Ra4 30. Rd4 (30. Rd7 $2 Rxb4 31. Bxf7+ Kf8 32. Ra7 Ra4 33. Rxa4 Bxa4
34. Ba2 Bc2 (34... c5 35. Kf2 Bc2 36. Ke3 c4 37. Bxc4 Bb1 38. Kd4 a2 39. Bxa2
Bxa2 $17) 35. Kf2 Ke7 {/\Bf5-e6} 36. g4 Bg6 {/\Bf7} 37. e6 Bh7 38. f4 Be4 39.
f5 Bd5 $19) 30... Kf8 31. Rd7 Rxb4 1/2-1/2

[Event "Hoogovens"]
[Site "Wijk aan Zee"]
[Date "1995.01.??"]
[Round "2"]
[White "Short, Nigel D"]
[Black "Onischuk, Alexander"]
[Result "1/2-1/2"]
[WhiteElo "2640"]
[BlackElo "2585"]
[Annotator "Konikowski,J"]
[PlyCount "153"]
[EventDate "1995.01.??"]
[EventType "k.o."]
[EventRounds "5"]
[EventCountry "NED"]
[SourceTitle "CBM 045"]
[Source "ChessBase"]
[SourceDate "1995.04.01"]
[SourceVersion "1"]
[SourceVersionDate "1995.04.01"]
[SourceQuality "1"]

1. e4 e5 2. Nf3 Nc6 3. Bb5 a6 4. Ba4 Nf6 5. O-O b5 6. Bb3 Bc5 7. a4 Bb7 8. d3
O-O 9. Nc3 (9. axb5 $5) 9... b4 10. Nd5 Nxd5 (10... h6 11. Bd2 Rb8 $13) 11.
Bxd5 d6 12. a5 (12. c3 bxc3 13. bxc3 Rb8 14. Bg5 (14. Rb1 $5) 14... Qd7 15. Rb1
h6 16. Be3 Bxe3 17. fxe3 Nd8 18. Bxb7 Nxb7 19. d4 Qc6 $132) 12... Rb8 13. c3
bxc3 14. bxc3 Ne7 15. Bc4 (15. Bxb7 Rxb7 16. d4 exd4 17. cxd4 Ba7 18. Qd3 Rb5
$13) 15... d5 $2 (15... c6 $142 16. d4 exd4 17. cxd4 Bb4 $132) 16. exd5 Nxd5
17. Nxe5 Nxc3 18. Nxf7 $1 Qh4 (18... Qf6 $2 19. Qh5 Bd5 (19... Ne2+ $2 20. Kh1
Qxa1 21. Ng5+ $18) 20. Bxd5 Nxd5 21. Qxd5 Rxf7 22. Be3 $16) (18... Nxd1 $2 19.
Nxd8+ Kh8 20. Nxb7 Bxf2+ 21. Kh1 Bd4 22. Rxd1 Bxa1 23. Ba3 Rf5 24. g4 Rf2 25.
Rxa1 Rxb7 26. Bxa6 $18) 19. Qe1 (19. Qc2 $5) 19... Nd5 20. Qe4 (20. Rb1 $5 Rfe8
21. Ne5 c6 22. Bb2 Bd6 23. f4 $16) 20... Qh5 21. d4 Nb6 (21... Bxd4 $2 22. Nh6+
gxh6 23. Qxd4 c6 24. Bb2 $40) 22. Nd6+ Nxc4 23. Nxb7 Bd6 24. h3 Qf5 (24... Rfe8
25. Qc6 Qb5 26. Qxb5 axb5 27. a6 $16) 25. Qc6 Qd3 26. Nxd6 cxd6 27. Qxa6 Qxd4
28. Ra4 Rfc8 29. Be3 Qd5 30. Qa7 Ra8 31. Qd7 Rd8 32. Qg4 Nxe3 33. fxe3 Rxa5 34.
Rxa5 Qxa5 35. Qe6+ Kh8 36. Qxd6 $1 Qa8 (36... Rxd6 $4 37. Rf8#) 37. Qf4 Re8 38.
e4 h6 39. e5 Qd5 40. Re1 Kg8 41. Kh2 Qe6 42. Qe4 Re7 43. h4 Re8 44. Re3 Re7 45.
Kg3 Re8 46. Qg4 Qb6 47. Re4 Re6 48. Kh2 Qc6 49. Qf5 Qe8 50. Kh3 Qf7 51. Qg4 (
51. Qxf7+ Kxf7 52. Kg4 g6 53. Kf4 Ra6 54. g4 Ra1 55. g5 Rf1+ 56. Kg3 hxg5 57.
hxg5 Ke6 $10) 51... h5 52. Qg5 Rg6 53. Qf4 (53. Qxh5 Rg3+ 54. Kxg3 Qxh5 55. e6
Kf8 56. e7+ Ke8 57. Kf2 $10) 53... Qxf4 54. Rxf4 Re6 55. Re4 Kf7 56. g4 hxg4+
57. Kxg4 Rg6+ 58. Kf5 Rg1 59. Ra4 (59. e6+ Ke7 60. Re3 (60. h5 Rf1+ 61. Kg6
Rg1+ 62. Kh7 Rg5 $10) 60... Rh1 61. Rg3 Rxh4 62. Rxg7+ Ke8 63. Kf6 Rf4+ 64. Ke5
Rf1 $10) 59... g6+ 60. Kf4 Rf1+ 61. Ke4 Re1+ 62. Kd5 Rd1+ 63. Rd4 Ra1 64. Rc4
Rd1+ 65. Rd4 Ra1 66. Rf4+ Ke7 67. Rg4 Rd1+ 68. Ke4 Re1+ 69. Kf4 Kf7 70. Rg3
Rf1+ 71. Rf3 Rg1 72. Rf2 Ke6 73. Re2 Rf1+ 74. Kg5 Rg1+ 75. Kh6 Rg4 76. h5 gxh5
77. Kxh5 1/2-1/2